Papers presented ... May 5-7, 1965. (Record no. 30325)
[ view plain ]
| 000 -LEADER | |
|---|---|
| fixed length control field | 01089cam a2200253 4500 |
| 001 - CONTROL NUMBER | |
| control field | gs 67000187 |
| 003 - CONTROL NUMBER IDENTIFIER | |
| control field | DLC |
| 005 - DATE AND TIME OF LATEST TRANSACTION | |
| control field | 20260227111420.0 |
| 008 - FIXED-LENGTH DATA ELEMENTS--GENERAL INFORMATION | |
| fixed length control field | 700608s1966 nvuab b 100 0 eng c |
| 010 ## - LIBRARY OF CONGRESS CONTROL NUMBER | |
| LC control number | gs 67000187 |
| 040 ## - CATALOGING SOURCE | |
| Original cataloging agency | U.S. Geol. Survey. Library |
| Transcribing agency | DLC |
| Modifying agency | DLC |
| 050 00 - LIBRARY OF CONGRESS CALL NUMBER | |
| Classification number | TN24.N3 |
| Item number | A26 no. 13 |
| 082 00 - DEWEY DECIMAL CLASSIFICATION NUMBER | |
| Classification number | 557.93/08 s |
| 111 2# - MAIN ENTRY--MEETING NAME | |
| Meeting name or jurisdiction name as entry element | AIME Pacific Southwest Mineral Industry Conference |
| Date of meeting or treaty signing | (1965 : |
| Location of meeting | Sparks, Nev.) |
| 245 00 - TITLE STATEMENT | |
| Title | Papers presented ... May 5-7, 1965. |
| 260 ## - PUBLICATION, DISTRIBUTION, ETC. | |
| Place of publication, distribution, etc. | Reno, |
| Name of publisher, distributor, etc. | Mackay School of Mines, University of Nevada, |
| Date of publication, distribution, etc. | 1966. |
| 300 ## - PHYSICAL DESCRIPTION | |
| Extent | 3 v. |
| Other physical details | illus., maps (part fold. in pocket) |
| Dimensions | 28 cm. |
| 410 10 - SERIES STATEMENT/ADDED ENTRY--CORPORATE NAME [OBSOLETE, CAN/MARC], [LOCAL, USA] | |
| Corporate name or jurisdiction name as entry element | Nevada. |
| Subordinate unit | Bureau of Mines. |
| Title of a work | Report |
| Volume number/sequential designation | 13 |
| 500 ## - GENERAL NOTE | |
| General note | Errata slip inserted. |
| 504 ## - BIBLIOGRAPHY, ETC. NOTE | |
| Bibliography, etc. note | Includes bibliographies. |
| 505 0# - FORMATTED CONTENTS NOTE | |
| Formatted contents note | pt. A. General session and Session on Exploration and mine development in Nevada.--pt. B. Industrial minerals session and Mining-metallurgy-analysis session.--pt. C. Session on North American exploration and mine development. |
| 650 #0 - SUBJECT ADDED ENTRY--TOPICAL TERM | |
| Topical term or geographic name entry element | Mineral industries |
| Geographic subdivision | Nevada |
| General subdivision | Congresses. |
| 650 #0 - SUBJECT ADDED ENTRY--TOPICAL TERM | |
| Topical term or geographic name entry element | Mineral industries |
| General subdivision | Congresses. |
No items available.